Statistics for 500 Biggest Cities in the World

Click here to take the quiz!

General Stats

  • This quiz has been taken 396 times
    (270 since last reset)
  • The average score is 175 of 500

Answer Stats

HintAnswer% Correct
11 715 000ChinaBeijing
96%
22 315 000ChinaShanghai
95%
13 510 000JapanTokyo
95%
8 540 000IndonesiaJakarta
92%
13 075 000ArgentinaBuenos Aires
92%
12 440 000IndiaMumbai
92%
12 200 000MexicoMexico City
92%
11 035 000IndiaNew Delhi
92%
11 500 000RussiaMoscow
92%
8 335 000USANew York City
92%
10 350 000South KoreaSeoul
91%
11 175 000TurkeyIstanbul
90%
7 075 000UKLondon
90%
3 860 000USALos Angeles
89%
7 735 000PeruLima
89%
7 735 000EgyptCairo
89%
10 020 000BrazilSao Paulo
89%
5 030 000RussiaSt. Petersburg
88%
6 025 000BrazilRio de Janeiro
88%
3 275 000GermanyBerlin
88%
3 435 000South AfricaCape Town
87%
7 870 000TaiwanTaipei
87%
10 355 000BangladeshDhaka
86%
2 715 000USAChicago
86%
3 515 000TurkeyAnkara
86%
11 625 000PakistanKarachi
86%
3 910 000AustraliaSydney
85%
7 210 000IraqBaghdad
85%
2 650 000ItalyRome
85%
3 710 000AustraliaMelbourne
84%
7 380 000VietnamHanoi
84%
7 765 000ColombiaBogota
84%
5 105 000ThailandBangkok
84%
3 225 000SpainMadrid
83%
2 800 000UkraineKiev
83%
1 240 000USADallas
82%
4 205 000Saudi ArabiaRiyadh
82%
4 470 000SingaporeSingapore
82%
2 150 000FranceParis
82%
11 070 000ChinaGuangzhou
82%
9 000 000NigeriaLagos
82%
7 150 000IranTehran
82%
2 025 000South AfricaJohannesburg
81%
2 615 000CanadaToronto
81%
2 670 000JapanOsaka
81%
2 160 000USAHouston
80%
2 210 000BrazilBrasilia
80%
1 600 000PhilippinesManila
80%
3 000 000VenezuelaCaracas
80%
4 835 000ChileSantiago
80%
1 620 000SpainBarcelona
80%
8 245 000VietnamHo Chi Minh City
80%
3 810 000EgyptAlexandria
79%
1 740 000HungaryBudapest
78%
1 305 000ItalyMilan
78%
2 750 000KenyaNairobi
77%
7 785 000D. R. CongoKinshasa
77%
7 190 000ChinaHong Kong
77%
1 880 000RomaniaBucharest
76%
2 740 000KuwaitKuwait City
76%
825 000USASan Francisco
76%
1 630 000AustraliaPerth
76%
1 685 000GermanyHamburg
76%
4 495 000IndiaKolkata
75%
1 455 000MalaysiaKuala Lumpur
74%
1 650 000CanadaMontreal
74%
1 185 000GermanyMunich
74%
1 715 000SyriaDamascus
74%
2 475 000SenegalDakar
73%
3 225 000North KoreaPyongyang
73%
2 160 000CubaHavana
73%
6 500 000ChinaXi'an
73%
7 090 000IndiaChennai
73%
6 310 000PakistanLahore
73%
1 715 000PolandWarsaw
72%
1 980 000AlgeriaAlgiers
72%
3 145 000MoroccoCasablanca
72%
8 445 000IndiaBangalore
71%
3 045 000AfghanistanKabul
71%
2 200 000Dominican Rep.Santo Domingo
71%
6 730 000IndiaHyderabad
70%
1 975 000SudanKhartoum
70%
2 775 000AngolaLuanda
70%
1 965 000GhanaAccra
70%
2 615 000HaitiPort-au-Prince
70%
1 385 000PakistanHyderabad
70%
1 215 000DenmarkCopenhagen
69%
1 325 000Saudi ArabiaMecca
69%
2 755 000EthiopiaAddis Ababa
69%
1 620 000South AfricaPretoria
69%
11 090 000ChinaTianjin
68%
1 875 000AustraliaBrisbane
68%
1 050 000ItalyNaples
68%
1 550 000USAPhiladelphia
68%
3 120 000South AfricaDurban
67%
1 020 000UKBirmingham
67%
1 740 000BelarusMinsk
67%
815 000BoliviaLa Paz
67%
740 000NetherlandsAmsterdam
67%
2 700 000TanzaniaDar-es-Salam
67%
1 920 000LebanonBeirut
67%
1 375 000SwedenStockholm
66%
7 415 000ChinaChengdu
66%
1 690 000AustriaVienna
66%
2 395 000ColombiaCali
65%
1 490 000USAPhoenix
65%
1 340 000USASan Diego
65%
9 785 000ChinaWuhan
65%
3 680 000South KoreaBusan
65%
1 135 000UAEDubai
64%
1 020 000BelgiumBrussels
64%
1 655 000MoroccoRabat
64%
3 675 000Ivory CoastAbidjan
64%
1 400 000EcuadorQuito
64%
1 905 000JapanSapporo
64%
1 275 000UruguayMontevideo
64%
2 375 000BrazilBelo Horizonte
63%
2 650 000JapanNagoya
63%
1 640 000MexicoGuadalajara
61%
1 165 000Czech Rep.Prague
61%
1 275 000JordanAmman
61%
1 105 000AustraliaAdelaide
61%
965 000GermanyKöln
60%
2 000 000ColombiaMedellin
60%
1 940 000YemenSanaa
60%
5 875 000ChinaHarbin
59%
1 980 000UzbekistanTashkent
59%
5 575 000IndiaAhmedabad
59%
2 865 000Saudi ArabiaJeddah
59%
1 115 000AzerbaijanBaku
58%
1 155 000BulgariaSofia
58%
1 380 000USASan Antonio
58%
1 265 000ZambiaLusaka
58%
1 475 000BrazilRecife
58%
1 480 000ParaguayAsuncion
58%
1 275 000SerbiaBelgrade
58%
1 470 000JapanKyoto
58%
1 025 000IrelandDublin
58%
1 540 000ZimbabweHarare
58%
2 585 000SomaliaMogadishu
58%
4 475 000MyanmarYangon
57%
3 530 000ChinaXiamen
57%
7 165 000ChinaNanjing
56%
3 125 000IndiaPune
56%
810 000FranceMarseille
55%
3 690 000JapanYokohama
55%
1 180 000JapanHiroshima
55%
840 000USAAustin
55%
995 000GuatemalaGuatemala City
55%
3 920 000BangladeshChittagong
55%
2 500 000TurkeyIzmir
55%
1 135 000MexicoMonterrey
54%
3 045 000IndiaJaipur
54%
7 455 000ChinaChongqing
53%
1 300 000MaliBamako
53%
980 000USASan Jose
53%
1 355 000UgandaKampala
53%
1 575 000CambodiaPhnom Penh
53%
2 710 000BrazilSalvador
53%
3 625 000NigeriaKano
52%
1 150 000LibyaTripoli
52%
1 285 000R. CongoBrazzaville
52%
920 000ItalyTurin
52%
2 300 000SyriaAleppo
52%
2 375 000IndonesiaSurabaya
52%
1 440 000NepalKathmandu
51%
1 300 000Saudi ArabiaMedina
51%
1 100 000CanadaCalgary
51%
10 360 000ChinaShenzhen
51%
1 391 000MadagascarAntananarivo
51%
815 000SpainValencia
50%
2 000 000KazakstanAlmaty
50%
1 765 000GuineaConakry
50%
1 385 000VenezuelaValencia
50%
815 000CanadaEdmonton
50%
6 240 000ChinaHangzhou
50%
1 700 000IndonesiaBandung
48%
800 000Sierra LeoneFreetown
48%
1 300 000CameroonYaounde
48%
1 370 000BrazilPorto Alegre
48%
1 190 000MozambiqueMaputo
48%
1 600 000BrazilManaus
47%
1 415 000BrazilBelem
46%
1 350 000RussiaYekaterinburg
46%
3 030 000ChinaUrumqi
45%
4 085 000ChinaDalian
45%
2 400 000BrazilFortaleza
45%
1 080 000ArmeniaYerevan
45%
1 740 000IraqMosul
45%
1 375 000MexicoTijuana
45%
740 000PolandKrakow
44%
4 465 000IndiaSurat
44%
1 545 000JapanKobe
44%
1 050 000GeorgiaTbilisi
44%
1 000 000UkraineOdessa
43%
800 000IsraelJerusalem
42%
2 565 000South KoreaDaegu
42%
1 950 000EcuadorGuayaquil
42%
1 430 000ArgentinaCordoba
42%
6 225 000ChinaShenyang
42%
1 585 000IndiaAgra
42%
1 010 000RussiaVolgograd
41%
940 000JamaicaKingston
41%
885 000CanadaOttawa
41%
745 000RwandaKigali
41%
940 000LiberiaMonrovia
41%
1 085 000Burkina FasoOuagadougou
40%
965 000South AfricaPort Elizabeth
40%
2 225 000VenezuelaMaracaibo
40%
3 565 000NigeriaIbadan
40%
975 000NicaraguaManagua
40%
795 000OmanMuscat
40%
1 480 000JapanFukuoka
39%
1 720 000BrazilCuritiba
39%
2 815 000IndiaLucknow
39%
800 000KenyaMombasa
38%
750 000TogoLome
38%
1 590 000MexicoPuebla
38%
2 600 000IraqBasrah
38%
3 720 000ChinaQingdao
38%
1 420 000RussiaNovosibirsk
38%
3 310 000ChinaHefei
37%
1 430 000UkraineKharkiv
37%
1 130 000RussiaOmsk
36%
1 750 000IndonesiaMedan
36%
2 510 000PakistanFaisalabad
36%
900 000KyrgyzstanBishkek
36%
3 095 000ChinaChangsha
36%
1 100 000RussiaKazan
35%
800 000PhilippinesCebu City
35%
3 855 000ChinaKunming
35%
1 340 000CameroonDouala
35%
740 000LatviaRiga
35%
1 075 000RussiaRostov-on-Don
35%
1 135 000RussiaSamara
34%
5 330 000ChinaShantou
33%
805 000ChinaNanning
33%
775 000NigerNiamey
33%
835 000USAJacksonville
33%
1 045 000JapanSendai
32%
1 175 000ArgentinaRosario
32%
2 630 000South KoreaIncheon
31%
850 000HondurasTegucigalpa
31%
1 180 000ChinaFuzhou
31%
1 745 000PakistanRawalpindi
31%
2 305 000IranMashhad
30%
1 210 000PhilippinesDavao
30%
755 000TurkeyAntalya
30%
2 415 000IndiaNagpur
30%
1 380 000ColombiaBarranquilla
30%
1 025 000UkraineDonetsk
30%
4 195 000ChinaChangchun
30%
1 545 000IranIsfahan
29%
4 255 000ChinaZhengzhou
29%
985 000RussiaPerm
29%
1 365 000BoliviaSanta Cruz
28%
775 000USACharlotte
28%
2 765 000IndiaKanpur
27%
1 150 000NigeriaPort Harcourt
27%
835 000USAIndianapolis
27%
765 000BrazilNatal
27%
835 000IndonesiaDenpasar
27%
1 030 000RussiaUfa
27%
1 960 000IndiaIndore
26%
840 000MoroccoMarrakesh
26%
845 000MongoliaUlan Bator
26%
1 520 000TaiwanKaohsiung City
26%
2 760 000PhilippinesQuezon City
25%
810 000USAColumbus
24%
1 240 000MexicoLeon
24%
865 000ChinaWenzhou
24%
1 470 000GhanaKumasi
24%
965 000MoroccoFes
23%
1 030 000BrazilCampinas
23%
1 425 000IranTabriz
23%
4 335 000ChinaJinan
23%
1 800 000IndiaBhopal
23%
900 000NigeriaAba
23%
3 545 000ChinaWuxi
23%
1 060 000RussiaChelyabinsk
22%
1 030 000UkraineDnipropetrovsk
22%
1 210 000MyanmarMandalay
22%
2 630 000ChinaLanzhou
21%
1 415 000TurkeyBursa
21%
1 375 000D. R. CongoLubumbashi
21%
780 000MexicoMerida
21%
1 245 000TurkeyAdana
21%
730 000UkraineLviv
20%
1 250 000IranShiraz
20%
950 000ColombiaCartagena
20%
1 685 000IndiaPatna
20%
3 490 000ChinaNingbo
20%
2 445 000EgyptGiza
20%
935 000IraqErbil
20%
1 010 000VietnamDa Nang
20%
1 125 000NigeriaBenin City
20%
1 398 000IndonesiaMakassar
19%
3 600 000ChinaFoshan
19%
815 000PolandLodz
19%
920 000BrazilSao Luis
19%
1 320 000IndonesiaMakassar
19%
780 000USAFort Worth
18%
2 835 000ChinaShijiazhuang
18%
1 515 000MexicoJuarez
18%
3 130 000ChinaZibo
18%
1 435 000PakistanMultan
18%
1 440 000IndonesiaPalembang
18%
1 220 000PakistanPeshawar
18%
900 000IranQom
18%
1 065 000TurkeyGaziantep
17%
875 000ArgentinaMendoza
17%
780 000BeninCotonou
17%
730 000PakistanQuetta
17%
8 000 000ChinaDongguan
17%
1 880 000ChinaJilin
17%
3 425 000ChinaTaiyuan
16%
1 170 000BrazilGoiania
16%
1 415 000South KoreaGwangju
16%
1 030 000IndiaJodhpur
15%
875 000TurkeyKonya
15%
1 130 000IndiaAmritsar
15%
1 200 000IndiaVaranasi
14%
985 000JapanKitakyushu
14%
1 040 000TaiwanTaichung
14%
950 000ChinaChangzhou
14%
930 000RussiaKrasnoyarsk
14%
770 000TaiwanTainan City
14%
925 000MyanmarNaypyidaw
14%
775 000ChinaHohhot
14%
1 600 000IndiaCoimbatore
14%
1 115 000IndiaAllahabad
14%
770 000Saudi ArabiaDammam
14%
1 945 000VietnamHaiphong
13%
1 755 000VenezuelaMaracay
13%
995 000ChinaBaoding
13%
1 200 000ChinaAnshan
13%
1 290 000IndonesiaSemarang
13%
2 355 000ChinaNanchang
12%
850 000RussiaVoronezh
12%
1 820 000MexicoEcatepec
12%
900 000BoliviaCochabamba
11%
840 000PeruArequipa
11%
775 000SyriaHoms
11%
865 000RussiaSaratov
11%
815 000JapanNiigata
11%
810 000VenezuelaBarquisimeto
11%
1 170 000ChinaGuiyang
10%
875 000D. R. CongoMbuji-Mayi
10%
1 230 000JapanSaitama
10%
2 035 000IndiaVisakhapatnam
9%
1 560 000IndiaMadurai
9%
960 000JapanChiba
9%
810 000MexicoChihuahua
9%
1 485 000IndiaNashik
9%
735 000JapanKumamoto
9%
1 415 000JapanKawasaki
9%
1 285 000IndiaRajkot
8%
1 580 000NigeriaKaduna
8%
1 695 000South AfricaSoweto
8%
3 370 000ChinaTangshan
8%
765 000ChinaXining
8%
800 000JapanHamamatsu
8%
1 390 000ChinaLuoyang
8%
1 665 000IndiaVadodara
8%
960 000IndiaChandigarh
7%
800 000MalaysiaJohor Bahru
7%
880 000ChinaQiqihar
7%
1 615 000IndiaLudhiana
7%
960 000South KoreaUlsan
7%
1 340 000BangladeshKhulna
7%
1 475 000South KoreaDaejeon
7%
885 000IndiaMysore
6%
745 000PeruTrujillo
6%
1 010 000IndiaRaipur
6%
1 055 000IndiaGwalior
6%
7 150 000ChinaNanchong
5%
1 115 000NigeriaMaiduguri
5%
1 170 000IndiaAurangabad
5%
1 285 000RussiaNizhniy Novgorod
5%
965 000IndiaGuwahati
5%
1 055 000IndiaJabalpur
5%
1 300 000ChinaBaotou
5%
1 520 000IndonesiaBekasi
5%
730 000IraqSulaymaniyah
5%
1 385 000PakistanGujranwala
5%
905 000MoroccoSale
5%
1 050 000ChinaDatong
4%
1 025 000ChinaHuainan
4%
815 000NigeriaJos
4%
1 375 000IndonesiaTangerang
4%
1 310 000IndiaMeerut
4%
730 000JapanSagamihara
4%
905 000ChinaHuaibei
4%
745 000IndonesiaMalang
4%
1 170 000BrazilGuarulhos
3%
1 240 000South KoreaSuwon-si
3%
955 000BrazilMaceio
3%
1 140 000MexicoZapopan
3%
1 070 000IndiaRanchi
3%
1 360 000ChinaHandan
3%
840 000IranAhvaz
3%
800 000IndonesiaBogor
3%
1 475 000IndiaVijayawada
3%
5 500 000ChinaTai'an
3%
900 000IndiaBareilly
3%
1 450 000IranKaraj
3%
1 240 000VietnamCan Tho
2%
1 245 000IndiaKalyan-Dombivali
2%
3 460 000ChinaShiyan
2%
835 000IndiaBhubaneswar
2%
830 000IndiaSalem
2%
1 135 000ChinaLijiang
2%
795 000MexicoNaucalpan
2%
760 000ChinaQinhuangdao
2%
815 000NigeriaIlorin
2%
1 200 000SudanOmdurman
2%
815 000PeruCallao
2%
800 000IndonesiaBandar Lampung
2%
1 160 000IndiaDhanbad
2%
1 200 000Dominican Rep.Santiago de los Caballeros
2%
1 940 000ChinaOrdos
2%
780 000ArgentinaTucuman
2%
840 000JapanSakai
2%
1 105 000MexicoNezahulacoyoti
2%
860 000IndiaJalandhar
2%
1 030 000South KoreaSeongnam-si
2%
890 000IndiaMoradabad
2%
840 000IndonesiaPadang
2%
1 035 000ChinaXianyang
2%
905 000MexicoCuliacan
2%
880 000MalaysiaKlang
2%
875 000IndiaTiruppur
2%
870 000IndiaAligarh
2%
900 000ChinaKaifeng
2%
1 405 000IndiaFaridabad
2%
735 000NigeriaOyo
2%
945 000IndiaHubballi
2%
950 000IndiaSolapur
2%
1 400 000ChinaFushan
2%
960 000IndiaThiruvananthapuram
2%
975 000NigeriaZaria
2%
985 000ChinaBenxi
2%
900 000Ivory CoastAbobo
2%
1 200 000ChinaTongshan
1%
745 000ChinaHegang
1%
1 200 000ChinaYueyang
1%
1 195 000IndiaSringar
1%
915 000IndiaThiruchirappalli
1%
1 220 000IndiaVasai-Virar
1%
2 015 000IraqAl Basrah al Qadimah
1%
890 000ChinaPingdingshan
1%
3 500 000ChinaTianshui
1%
820 000BrazilDuque de Caxias
1%
1 815 000IndiaThane
1%
845 000CambodiaTakeo
1%
760 000ChinaHengyang
1%
1 730 000IndiaPimpri-Chinchwad
1%
3 590 000ChinaPuyang
1%
850 000South KoreaBucheon-si
1%
1 075 000South KoreaGoyang-si
1%
5 345 000ChinaSozhou
1%
1 070 000IndiaHowrah
1%
2 065 000IraqAl Mawsil al Jadidah
1%
745 000VenezuelaCuidad Guyana
0%
2 610 000ChinaYunfu
0%
770 000ChinaShangyu
0%
745 000IndiaGuntur
0%
745 000ChinaNangandao
0%
750 000South AfricaPietermaritzburg
0%
765 000IranKahriz
0%
1 275 000PhilippinesBudta
0%
780 000ChinaDengtalu
0%
1 590 000ChinaXinyang
0%
1 200 000IndonesiaDepok
0%
1 305 000IndonesiaSouth Tangerang
0%
1 380 000ChinaGuankou
0%
1 120 000IndiaNavi Mumbai
0%
1 120 000PhilippinesMalingao
0%
1 105 000VietnamBien Hoa
0%
1 050 000ChinaChanshu City
0%
1 435 000IndonesiaSouth Tangerang
0%
1 460 000MalaysiaKota Bharu
0%
1 000 000ChinaJieyang
0%
1 000 000BrazilNova Iguacu
0%
1 000 000ChinaZhu Cheng City
0%
945 000Saudi ArabiaSultanah
0%
785 000AlgeriaBoumerdas
0%
1 635 000IndiaGhaziabad
0%
900 000IraqAbu Gharib
0%
880 000JapanSetagaya
0%
875 000IndiaGurugram
0%
835 000MalaysiaKampung Baru Subang
0%
1 870 000GuineaCamayenne
0%
815 000IndiaMira-Bhayandar
0%
810 000IndiaWarangal
0%
800 000UkraineZaporizhzhya
0%
795 000JordanZarqa
0%
795 000TurkeyCankaya
0%
790 000IranPasragad Branch
0%
725 000PakistanMuzaffarabad
0%

Score Distribution

Percentile by Number Answered

Percent of People with Each Score

Your Score History

You have not taken this quiz since the last reset